| 000 | 00829cam a2200277 i 4500 | ||
|---|---|---|---|
| 001 | 18230147 | ||
| 003 | EG-ScBUE | ||
| 005 | 20241009123757.0 | ||
| 008 | 140717t2014 sz f b 001 0 eng d | ||
| 020 | _a9783319095899 | ||
| 040 |
_aDLC _beng _erda _cDLC _dEG-ScBUE |
||
| 082 | 0 | 4 |
_a515.2433 _bBRÉ _222 |
| 100 | 1 |
_aBrémaud, Pierre, _eauthor. _938324 |
|
| 245 | 1 | 0 |
_aFourier analysis and stochastic processes / _bPierre Brémaud, |
| 264 | 1 |
_aCham : _bSpringer, _c[2014] |
|
| 264 | 4 | _cc2014 | |
| 300 |
_axiii, 385 pages ; _c24 cm. |
||
| 490 | 0 | _aUniversitext | |
| 504 | _aIncludes bibliographical references and index. | ||
| 650 | 7 |
_aFourier analysis. _2BUEsh |
|
| 650 | 7 |
_aStochastic processes. _2BUEsh _92923 |
|
| 651 | _2BUEsh | ||
| 653 |
_bENGGEN _cJune2015 _cAugust2015 |
||
| 655 | _vReading book | ||
| 942 |
_2ddc _cBB |
||
| 999 |
_c19845 _d19817 |
||